Statistics for Spell the Marvel Character #55

Click here to take the quiz!

General Stats

  • This quiz has been taken 8 times
  • The average score is 7 of 8

Answer Stats

Answer% Correct
Jack of Hearts
100%
Angel
83%
Crystal
83%
Jackpot
83%
Old Man Spider
83%
Professor X
83%
Thunderstrike
83%
Kingo
67%

Score Distribution

Percentile by Number Answered

Percent of People with Each Score

Your Score History

You have not taken this quiz